Normal view
MARC view
Entry Topical Term
001 - CONTROL NUMBER
- control field: 710598
003 - CONTROL NUMBER IDENTIFIER
- control field: OSt
005 - DATE AND TIME OF LATEST TRANSACTION
- control field: 20221007121053.0
008 - FIXED-LENGTH DATA ELEMENTS
- fixed length control field: 221007|| aca||aabn | a|a d
040 ## - CATALOGING SOURCE
- Original cataloging agency: OSt
- Transcribing agency: OSt
150 ## - HEADING--TOPICAL TERM
- Topical term or geographic name entry element: Medicinal plants
670 ## - SOURCE DATA FOUND
- Source citation: Work cat.: (OSt)1208411: Govil J N 710597, Recent progress in medicinal plants, 2010
